Представление документа в формате RUSMARC

ПолеНазваниеЗначение
  Тип записи a
  Библиографический уровень m
001 Контрольный номер RU/IS/BASE/447342554
005 Дата корректировки 20260121112717.0
010 Индекс ISBN __
a ISBN 978-5-8042-0327-7
d Цена 110-80
101 Язык документа 0_
a Язык текста rus
200 Заглавие и сведения об ответственности 1_
a Заглавие Нажмиден Уакпаевич Жумажанов
f Первые сведения об ответственности Администрация г. Сургута ; [авт.-сост. И. В. Кондрякова ; отв. за вып. Е. А. Швидкая]
b Общее обозначение материала Текст
210 Выходные данные 1_
a Место издания Сургут
a Место издания Омск
c Издательство Омскбланкиздат
d Дата издания 2013
215 Физическое описание __
a Объем 30, [2] c.
c Иллюстрации/тип воспроизводства фот.
d Формат 24
225 Серия 2_
a Серия Живая память
300 Общие примечания __
a Общие примечания Обязат. экз. (2014)
300 Общие примечания __
a Общие примечания Издание доступно также в Интернете: http://elib.slib.ru/docs/persons/seriya-zhivaya-pamyat-zhumazhanov-2013.pdf
300 Общие примечания __
a Общие примечания Документ Национального библиотечного фонда
330 Аннотация __
a Аннотация Издание посвящено первопроходцу-геологу, Герою труда Н. У. Жумажанову. Использованы материалы из книги Ф. Салманова
333 Примечание о целевом назначении __
a Примечание о целевом назначении 12+. Для детей старше 12 лет
600 Персоналии _1
a Персоналии (Фамилия) Жумажанов, Н. У.
f Даты 1926-2005
g Полное имя Нажмиден Уакпаевич
606 Тематические рубрики __
a Основная рубрика История
606 Тематические рубрики __
a Основная рубрика История России и СССР (октябрь 1917 - 1991 г.)
y Географическая подрубрика Россия; Тюменская область; ХМАО; Ханты-Мансийский автономный округ; Сургут
610 Ключевые слова 0_
a Ключевые слова полезные ископаемые; персоналии; биографии; геологи; разведка месторождений; месторождения; нефтяные месторождения; краеведение
686 Индексы других классификаций __
a Классификационный индекс К63.3(2Рос-6Хан-2Сургут)-8; стК63.3(2Рос-6Хан-2Сургут)г
702 Вторичная интеллектуальная ответственность _1
a Фамилия Кондрякова
b Имя Г. В.
4 Код отношения Составитель
4 Код отношения 220
702 Вторичная интеллектуальная ответственность _1
a Фамилия Швидкая
b Имя Е. А.
4 Код отношения Прочие
4 Код отношения 570
801 Источник записи _0
a Страна RU
b Организация Муниципальное бюджетное учреждение культуры "Централизованная библиотечная система" г. Сургут (Центральная городская библиотека им. А. С. Пушкина)
g Правила каталогизации КиК/Котельникова
801 Источник записи _1
a Страна RU
b Организация Муниципальное бюджетное учреждение культуры "Централизованная библиотечная система" г. Сургут (Центральная городская библиотека им. А. С. Пушкина)
g Правила каталогизации КиК/Котельникова
852 Данные о местонахождении __
j Шифр хранения К63.3(2Рос-6Хан-2Сургут)-8
i Авторский знак Ж 88
901 Тип документа __
t Тип документа m
903 Характеристики (МАРС) __
a Дата передачи 20140305
969 Тип издания __
a Тип издания брошюра
990 Данные о заказе (DOS) __
j Количество экземпляров (DOS) 30
t N записи в КСУ для И/У (DOS) 201403